Manual de literatura brasileira (Record no. 74353)

MARC details
000 -LÍDER
campo de controle de tamanho fixo 00379 a2200157 4500
001 - NÚMERO DE CONTROLE
campo de controle 74353
020 ## - ISBN - INTERNATIONAL STANDARD BOOK NUMBER
ISBN - International Standard Book Number 852800122-9
040 ## - FONTE DA CATALOGAÇÃO
Instituição que transcreveu o registro Anchieta - Colégio São Paulo
100 ## - ENTRADA PRINCIPAL--NOME PESSOAL
Nome pessoal Gonzaga,Sergius
240 10 - TÍTULO UNIFORME
Título uniforme Manual de literatura brasileira
Idioma da obra por
245 10 - TÍTULO
Título Manual de literatura brasileira
300 ## - DESCRIÇÃO FÍSICA
Extensão 272
362 0# - DATAS DE PUBLICAÇÃO E/OU DESIGNAÇÃO SEQUENCIAL
Datas de publicação e/ou designação sequencial 1996
650 #4 - ASSUNTO--TERMO TÓPICO
Cabeçalho tópico ou nome geográfico Literatura brasileira
942 ## - ELEMENTOS DE ENTRADA ADICIONADOS (KOHA)
Tipo de material Koha Livros
Holdings
Situação do descarte Situação das perdas Situação física Não pode ser emprestado Biblioteca de origem Biblioteca atual Data de aquisição Total de empréstimos Código de barras Data de último acesso Data do preço efetivo Tipo de material Koha
        Colégio São Paulo Colégio São Paulo 22/11/2023   4946/CSP 22/11/2023 22/11/2023 Livros